| 000 | 00813nam a2200229 a 4500 | ||
|---|---|---|---|
| 005 | 20210223130615.0 | ||
| 008 | 080918s1987 mx r 000 0 spa d | ||
| 035 | _aUPN01000159651 | ||
| 049 | _aUNE | ||
| 080 | _a371.6 (-77) =40 BRA No.23. | ||
| 100 | 1 | _aBray, Mark. | |
| 245 | 1 | 4 |
_aLes Groupements scolaires dans le tiers monde : _bcomment les faire fonctionner / _cMarkBray. |
| 260 |
_aParis : _bUNESCO; _aNew York : _bUNICEF, _c1987. |
||
| 300 |
_aiii, 155 p. ; _bil., map. |
||
| 440 | 0 |
_a(L'Enfant, La Famille, La Communauté ; _v23. |
|
| 690 | _aMapa escolar- Descentralizacion- Zonas rurales | ||
| 690 | _aAdministracion de la educacion- Mapa escolar- Zonas rurales | ||
| 690 | _aPaises en desarrollo- Mapa escolar- Zonas rurales | ||
| 710 | 2 | _aUNESCO | |
| 710 | 2 |
_aUNICEF _924085 |
|
| 905 | _aUNESCO | ||
| 999 |
_c131765 _d131765 |
||